[Event "AUTO-INT-140"]
[Site "http://www.queenalice.com/game.php?id=96761"]
[Date "2006.8.17"]
[Round "1"]
[White "vult0"]
[Black "VinceFromEde"]
[Result "0-1"]
[WhiteElo "1708"]
[BlackElo "1558"]

1. e4 e6 2. d4 d5 3. Bd3 c5 4. c3 c4 5. Bc2 Nc6 6. Nf3 Bd7 7. e5 b5 8. Be3 b4 9.
b3 cxb3 10. Bxb3 bxc3 11. Nxc3 Bb4 12. Qc2 Nge7 13. O-O O-O 14. Ng5 Ng6 15. Ne2
Rc8 16. Qd3 f6 17. exf6 Qxf6 18. f4 h6 19. Nf3 Bd6 20. Rac1 Nb4 21. Qd2 Rxc1 22.
Nxc1 Nc6 23. Ne2 Nxf4 24. Bxf4 Bxf4 25. Nxf4 Qxf4 26. Qd3 Nb4 27. Qb1 Qe3+ 28.
Kh1 Nd3 29. Bc2 Nf2+ 30. Rxf2 Qxf2 31. Qg1 Qxc2 32. Ne5 Bb5 33. h3 Qf2 34. Qxf2
Rxf2 35. Ng4 Rxa2 36. Ne5 Bf1 0-1

[Event "Challenge"]
[Site "http://www.queenalice.com/game.php?id=129935"]
[Date "2006.11.15"]
[Round "-"]
[White "Danilo"]
[Black "VinceFromEde"]
[Result "0-1"]
[WhiteElo "1485"]
[BlackElo "1654"]

1. e4 e6 2. d4 d5 3. e5 c5 4. c3 Nc6 5. Be3 Qb6 6. b3 Bd7 7. Nf3 cxd4 8. cxd4
Bb4+ 9. Bd2 Nge7 10. a3 Bxd2+ 11. Nfxd2 Nxd4 12. b4 Rc8 13. Bd3 Bb5 14. Bxb5+
Qxb5 15. Nc3 Rxc3 16. Ra2 O-O 17. Qa1 Qe2# 0-1

[Event "AUTO-ADV-195"]
[Site "http://www.queenalice.com/game.php?id=132488"]
[Date "2006.11.22"]
[Round "2"]
[White "Altos"]
[Black "VinceFromEde"]
[Result "0-1"]
[WhiteElo "1715"]
[BlackElo "1663"]

1. e4 e6 2. Bc4 d5 3. exd5 exd5 4. Bb5+ Bd7 5. Bxd7+ Qxd7 6. Nf3 Nf6 7. O-O Be7
8. d3 O-O 9. Be3 c5 10. d4 b6 11. dxc5 bxc5 12. h3 Nc6 13. a3 Rab8 14. c3 Rxb2
15. Qc1 Rfb8 16. Nbd2 R8b6 17. Bf4 Bd6 18. Bxd6 Qxd6 19. Re1 Qf4 20. Rb1 Rxb1
21. Nxb1 Qxc1 22. Rxc1 Rb2 23. Re1 Kf8 24. Nfd2 Ne7 25. Re5 Ke8 26. Rg5 g6 27.
Rg3 Ne4 0-1

[Event "AUTO-ADV-195"]
[Site "http://www.queenalice.com/game.php?id=132489"]
[Date "2006.11.22"]
[Round "2"]
[White "VinceFromEde"]
[Black "Altos"]
[Result "1/2-1/2"]
[WhiteElo "1681"]
[BlackElo "1699"]

1. e4 e6 2. d4 d5 3. e5 c5 4. c3 cxd4 5. cxd4 Bb4+ 6. Bd2 Bxd2+ 7. Nxd2 Qb6 8.
Nb3 Nc6 9. Nf3 Nge7 10. Bd3 O-O 11. O-O Nb4 12. Re1 Nxd3 13. Qxd3 h6 14. Rac1
Bd7 15. Rc3 Nc6 16. Nc5 Qc7 17. Rec1 Nb4 18. Nxd7 Qxd7 19. Qb1 Rac8 20. a3 Nc6
21. b4 Ne7 22. R1c2 Rxc3 23. Rxc3 Rc8 24. Qc2 Rxc3 25. Qxc3 Qc6 26. Qc5 Qxc5 27.
bxc5 Kf8 28. Kf1 Ng6 29. g3 Ke8 30. Ke2 Kd7 31. Kd3 Kc6 32. a4 b6 33. cxb6 Kxb6
34. Kc3 a5 35. Nd2 Ne7 36. Nb3 1/2-1/2

[Event "AUTO-ADV-195"]
[Site "http://www.queenalice.com/game.php?id=132490"]
[Date "2006.11.22"]
[Round "2"]
[White "Diego_Silveira"]
[Black "VinceFromEde"]
[Result "0-1"]
[WhiteElo "1925"]
[BlackElo "1633"]

1. d4 d5 2. c4 e6 3. Nf3 Nf6 4. Bg5 h6 5. Bh4 Bb4+ 6. Nbd2 O-O 7. e3 b6 8. Qb3
Nc6 9. Ne5 Bxd2+ 10. Kxd2 Ne4+ 11. Ke2 Qxh4 12. g3 Qh5+ 13. g4 Qh4 14. Nd3 Qxg4+
15. f3 Qh5 16. Bg2 Ba6 17. cxd5 Na5 18. Qc2 Bxd3+ 19. Kxd3 Nd6 20. Qxc7 Qg6+ 21.
e4 Qxg2 22. Qxd6 Qxf3+ 0-1

[Event "AUTO-ADV-195"]
[Site "http://www.queenalice.com/game.php?id=132491"]
[Date "2006.11.22"]
[Round "2"]
[White "VinceFromEde"]
[Black "Diego_Silveira"]
[Result "0-1"]
[WhiteElo "1661"]
[BlackElo "1887"]

1. e4 c5 2. d4 cxd4 3. c3 dxc3 4. Nxc3 Nc6 5. Nf3 d6 6. Bc4 e6 7. O-O Be7 8. Bf4
e5 9. Bg3 Nf6 10. Qb3 O-O 11. Rac1 Na5 12. Qa4 Nxc4 13. Qxc4 Be6 14. Qb4 d5 15.
Qxb7 d4 16. Nd5 Nxd5 17. exd5 Bxd5 18. Qb5 Rb8 19. Qe2 f6 20. b3 Ba3 21. Rc2
Bxb3 22. axb3 d3 0-1

[Event "AUTO-ADV-406"]
[Site "http://www.queenalice.com/game.php?id=168387"]
[Date "2007.2.14"]
[Round "1"]
[White "Brandt"]
[Black "VinceFromEde"]
[Result "0-1"]
[WhiteElo "1794"]
[BlackElo "1710"]

1. d4 e6 2. c4 Bb4+ 3. Bd2 Qe7 4. Nf3 Nf6 5. e3 O-O 6. a3 Bxd2+ 7. Qxd2 Ne4 8.
Qc2 d5 9. cxd5 exd5 10. Bd3 Bg4 11. Ne5 Bh5 12. f3 Nf6 13. g4 Bg6 14. h4 h6 15.
g5 hxg5 16. hxg5 Nh5 17. Bxg6 fxg6 18. Nxg6 Qxe3+ 19. Qe2 Qc1+ 20. Qd1 Re8+ 21.
Kf2 Qxb2+ 22. Nd2 Qxd4+ 23. Kg2 Nf4+ 24. Nxf4 Qxf4 25. Re1 Qxg5+ 26. Kf1 Nd7 27.
Rc1 c6 28. Qb3 Qxd2 0-1

[Event "AUTO-ADV-406"]
[Site "http://www.queenalice.com/game.php?id=168388"]
[Date "2007.2.14"]
[Round "1"]
[White "VinceFromEde"]
[Black "Brandt"]
[Result "1-0"]
[WhiteElo "1730"]
[BlackElo "1800"]

1. e4 e5 2. Nf3 Nc6 3. Bc4 Bc5 4. b4 Bxb4 5. c3 Bc5 6. d4 exd4 7. cxd4 Bb4+ 8.
Bd2 Qe7 9. O-O Bxd2 10. Nbxd2 d6 11. Rb1 Nf6 12. Re1 O-O 13. Re3 Bg4 14. Rxb7
Nxd4 15. Qc1 Nxf3+ 16. Nxf3 Bxf3 17. Rxf3 Qxe4 18. Ba6 Rfe8 19. Re3 Qa4 20. Bb5
Qxa2 21. Bxe8 Rxe8 22. Rxe8+ Nxe8 23. h3 h6 24. Rb8 Qe6 25. Qxc7 Kh7 26. Qxa7 d5
27. Qd4 Nf6 28. Qd3+ g6 29. Qd4 Qd6 30. Rb6 1-0

[Event "AUTO-INT-140"]
[Site "http://www.queenalice.com/game.php?id=180314"]
[Date "2007.3.11"]
[Round "2"]
[White "VinceFromEde"]
[Black "johntelker"]
[Result "0-1"]
[WhiteElo "1742"]
[BlackElo "1841"]

1. e4 e6 2. d4 d5 3. e5 h6 4. f4 Ne7 5. Nf3 Ng6 6. Bd3 Nh4 7. Nc3 c5 8. Be3 cxd4
9. Bxd4 Nxg2+ 10. Kd2 Nxf4 0-1

[Event "AUTO-INT-140"]
[Site "http://www.queenalice.com/game.php?id=180315"]
[Date "2007.3.11"]
[Round "2"]
[White "johntelker"]
[Black "VinceFromEde"]
[Result "0-1"]
[WhiteElo "1828"]
[BlackElo "1749"]

1. d4 d5 2. Nf3 Nc6 3. e3 e6 4. Nbd2 Bb4 5. c4 Nf6 6. cxd5 exd5 7. Be2 O-O 8.
O-O Bf5 9. a3 Ba5 10. b4 Bb6 11. Bb2 Re8 12. Nb3 Ne4 13. Nc5 Bxc5 14. dxc5 Ne7
15. Bd4 Ng6 16. Nd2 c6 17. f3 Nf6 18. Qb3 Be6 19. Bd3 Nh4 20. Rae1 Nf5 21. Bc2
Bd7 22. Qd3 Nxd4 23. exd4 Re6 24. Rf2 Rxe1+ 0-1

[Event "AUTO-INT-140"]
[Site "http://www.queenalice.com/game.php?id=180316"]
[Date "2007.3.11"]
[Round "2"]
[White "VinceFromEde"]
[Black "Harir"]
[Result "0-1"]
[WhiteElo "1783"]
[BlackElo "2108"]

1. e4 e5 2. Nf3 Nc6 3. Bc4 Nf6 4. d3 Bc5 5. Be3 Bb6 6. O-O O-O 7. Nbd2 d5 8.
exd5 Nxd5 9. Ne4 Nxe3 10. fxe3 Bxe3+ 11. Kh1 Bf4 12. Qe2 Nd4 13. Nxd4 Qxd4 14.
c3 Qe3 15. Qxe3 Bxe3 16. Rf3 Bf4 17. g3 Bg4 18. Rf2 Be3 19. Rff1 Be2 20. Rf5 g6
21. Rf6 Rad8 22. Re1 Bxd3 23. Rxe3 Bxc4 24. Ref3 Bd5 25. Re3 Kg7 26. Rf2 f5 0-1

[Event "AUTO-INT-140"]
[Site "http://www.queenalice.com/game.php?id=180317"]
[Date "2007.3.11"]
[Round "2"]
[White "Harir"]
[Black "VinceFromEde"]
[Result "1-0"]
[WhiteElo "2147"]
[BlackElo "1785"]

1. e4 e6 2. d4 d5 3. e5 c5 4. Nf3 Nc6 5. Bd3 cxd4 6. O-O Bb4 7. Bd2 Bxd2 8.
Nbxd2 Nge7 9. Nb3 Ng6 10. Bxg6 fxg6 11. Nbxd4 O-O 12. Nxc6 bxc6 13. Qd3 a5 14.
Qc3 Ba6 15. Rfe1 Qb6 16. Qd4 Qb4 17. Qxb4 axb4 18. Nd4 Bb5 19. Nxe6 Rf5 20. Nd4
Raf8 21. Nxf5 1-0

[Event "Challenge"]
[Site "http://www.queenalice.com/game.php?id=185738"]
[Date "2007.3.21"]
[Round "-"]
[White "Mike36bh"]
[Black "VinceFromEde"]
[Result "0-1"]
[WhiteElo "1787"]
[BlackElo "1768"]

1. d4 d5 2. Nc3 Nc6 3. Bf4 e6 4. a3 Bd6 5. Bxd6 cxd6 6. e4 dxe4 7. Nxe4 Nf6 8.
Nxf6+ Qxf6 9. Nf3 O-O 10. Bd3 Re8 11. O-O Bd7 12. h3 Rac8 13. c3 e5 14. dxe5
Nxe5 15. Nxe5 Qxe5 16. Qb3 b6 17. Rae1 Qg5 18. Rxe8+ Rxe8 19. g4 Bxg4 20. hxg4
Qxg4+ 21. Kh2 Re5 22. Bxh7+ Kxh7 23. Qxf7 Rh5+ 24. Qxh5+ Qxh5+ 25. Kg2 Qg4+ 26.
Kh2 Qe2 27. Kg2 Kg6 28. Rg1 Kh5 29. b4 Kh4 30. a4 Qa2 31. b5 Qxa4 32. Rh1+ Kg5
33. Rh3 Qxb5 34. Kg3 Qd3+ 35. f3 a5 36. Rh4 Qxc3 37. Rg4+ Kf6 38. Rf4+ Ke6 39.
Kg4 Qb4 40. Re4+ Qxe4+ 41. fxe4 a4 0-1